000 01726cam a22003135i 4500
001 21123280
003 NUST
005 20220825115034.0
008 190807s2019 nyu 000 0 eng
010 _a 2019947833
020 _a9781250237231
_q(hardback)
020 _z9781250237248
_q(ebook)
038 _aAzhar
040 _aDLC
_beng
_erda
_cDLC
042 _apcc
082 _a327.12730092
_bSNO
100 1 _aSnowden, Edward,
_eauthor.
_993673
245 1 0 _aPermanent record
_cEdward Snowden.
260 _aNew York :
_bHenry Holt and Company,
_c2019
263 _a1111
300 _apages cm
336 _atext
_btxt
_2rdacontent
337 _aunmediated
_bn
_2rdamedia
338 _avolume
_bnc
_2rdacarrier
520 _a"In 2013, twenty-nine-year-old Edward Snowden shocked the world when he broke with the American intelligence establishment and revealed that the United States government was secretly pursuing the means to collect every single phone call, text message, and email. The result would be an unprecedented system of mass surveillance with the ability to pry into the private lives of every person on earth. Six years later, Snowden reveals for the very first time how he helped to build this system and why he was moved to expose it. Spanning the bucolic Beltway suburbs of his childhood and the clandestine CIA and NSA postings of his adulthood, Permanent Record is the extraordinary account of a bright young man who grew up online-a man who became a spy, a whistleblower, and, in exile, the Internet's conscience"--
_cProvided by publisher.
906 _a0
_bibc
_corignew
_d2
_eepcn
_f20
_gy-gencatlg
942 _2ddc
_cLC
999 _c590335
_d590335